Statistics for Historical Figures

Click here to take the quiz!

General Stats

  • This quiz has been taken 32 times
  • The average score is 9 of 20

Answer Stats

Hint Answer % Correct
First Khan of the Mongol empireGenghis Khan
100%
He Marched Elephants over the Alps in the Second Punic WarHannibal Barca
93%
Hun Leader who ravaged EuropeAttila the Hun
74%
King of the Franks, 774 - 814Charlemagne
70%
British Prime Minister Succeeded by Winston ChurchillNeville Chamberlain
67%
Spanish Conquistador who caused the fall of the Aztec EmpireHernan Cortes
63%
Persian King at ThermopylaeXerxes I
59%
Uniter of Germany, and Chancellor of the German EmpireOtto van Bismarck
59%
American General defeated at the Battle of the Little BighornGeorge Armstrong Custer
56%
Aztec Emperor defeated by aboveMontezuma
52%
Lakota Chief at the Battle of the Little BighornSitting Bull
44%
Belgian King, Founder of the Congo Free StateLeopold II
44%
Prussian king of the Seven Years WarFrederick II
41%
Famed Leader of the Zulu PeopleShaka Zulu
30%
Egyptian Pharoah who banned worship of all gods but AtenAkhenaten
26%
King of Spain and Holy Roman Emperor who fought against the Ottoman Turks, topping them at ViennaCharles V
26%
Best known for his victory at San Jacinto, he was one of the key factors in Texan Independence.Samuel Houston
19%
Visigoth leader known for his sack of Rome in 410 ADAlaric
11%
Gemanic victor at Teutoburg ForestArminius
11%
Greatly Expanded the Bulgarian Empire in the 10th CenturySimeon I
4%

Score Distribution

Percentile by Number Answered

Percent of People with Each Score

Your Score History

You have not taken this quiz